<?xml version="1.0" encoding="UTF-8"?><?xml-stylesheet type="text/xsl" href="static/style.xsl"?><OAI-PMH xmlns="http://www.openarchives.org/OAI/2.0/" xmlns:xsi="http://www.w3.org/2001/XMLSchema-instance" xsi:schemaLocation="http://www.openarchives.org/OAI/2.0/ http://www.openarchives.org/OAI/2.0/OAI-PMH.xsd"><responseDate>2026-06-07T08:03:26Z</responseDate><request verb="GetRecord" identifier="oai:riuma.uma.es:10630/41020" metadataPrefix="marc">https://riuma.uma.es/rest/oai/request</request><GetRecord><record><header><identifier>oai:riuma.uma.es:10630/41020</identifier><datestamp>2026-02-03T10:58:07Z</datestamp><setSpec>com_10630_2254</setSpec><setSpec>col_10630_37953</setSpec></header><metadata><record xmlns="http://www.loc.gov/MARC21/slim" xmlns:dcterms="http://purl.org/dc/terms/" xmlns:doc="http://www.lyncode.com/xoai" xmlns:xsi="http://www.w3.org/2001/XMLSchema-instance" xsi:schemaLocation="http://www.loc.gov/MARC21/slim http://www.loc.gov/standards/marcxml/schema/MARC21slim.xsd">
   <leader>00925njm 22002777a 4500</leader>
   <datafield ind2=" " ind1=" " tag="042">
      <subfield code="a">dc</subfield>
   </datafield>
   <datafield ind2=" " ind1=" " tag="720">
      <subfield code="a">Pérez-Ricardo, Elizabeth del Carmen</subfield>
      <subfield code="e">author</subfield>
   </datafield>
   <datafield ind2=" " ind1=" " tag="720">
      <subfield code="a">García-Mestanza, Josefa</subfield>
      <subfield code="e">author</subfield>
   </datafield>
   <datafield ind2=" " ind1=" " tag="260">
      <subfield code="c">2026-04</subfield>
   </datafield>
   <datafield ind2=" " ind1=" " tag="520">
      <subfield code="a">This study explores the key factors influencing tourists’ booking intentions in hotels by integrating rational, emotional, and social dimensions. Using a hybrid methodological approach, data from 390 customers were analyzed through Covariance-Based Structural Equation Modeling and Fuzzy-Set Qualitative Comparative Analysis (fsQCA). The results show that rational factors have the strongest impact on booking decisions. However, fsQCA reveals that multiple combinations of factors can also lead to high booking intention. From a managerial perspective, the findings suggest that hotel managers should not only focus on rational elements but also incorporate emotional and social aspects into their strategies to personalize offerings and better align with guest expectations. This study contributes to tourism and hospitality research by proposing a theoretically integrated framework that captures the interplay of rational, emotional, and social dimensions in shaping hotel booking intentions. Applying a hybrid CB-SEM-fsQCA design within the hotel industry context, it offers nuanced insights into consumer decision-making processes that strengthen both theoretical understanding and managerial implications.</subfield>
   </datafield>
   <datafield ind1="8" ind2=" " tag="024">
      <subfield code="a">Pérez-Ricardo, E. del C., &amp; García-Mestanza, J. (2026). Rational, emotional, and social drivers of hotel booking intention: A hybrid CB-SEM – FSQCA approach. International Journal of Hospitality Management, 134, 104539. https://doi.org/10.1016/j.ijhm.2025.104539</subfield>
   </datafield>
   <datafield ind1="8" ind2=" " tag="024">
      <subfield code="a">https://hdl.handle.net/10630/41020</subfield>
   </datafield>
   <datafield ind1="8" ind2=" " tag="024">
      <subfield code="a">10.1016/j.ijhm.2025.104539</subfield>
   </datafield>
   <datafield tag="653" ind2=" " ind1=" ">
      <subfield code="a">Turismo - Investigación</subfield>
   </datafield>
   <datafield tag="653" ind2=" " ind1=" ">
      <subfield code="a">Hoteles y pensiones</subfield>
   </datafield>
   <datafield tag="653" ind2=" " ind1=" ">
      <subfield code="a">Hostelería</subfield>
   </datafield>
   <datafield ind2="0" ind1="0" tag="245">
      <subfield code="a">Rational, emotional, and social drivers of hotel booking intention : a hybrid CB-SEM - FSQCA approach</subfield>
   </datafield>
</record>
</metadata></record></GetRecord></OAI-PMH>